000 00486cam a2200193 4500
001 D8952
008 090401t1973 xxu||||| |||| 00| 0 eng d
035 _a(Sirsi) u16371
041 _aeng
050 _a338043697
110 _aDavisBelfield & Everest
_93172
245 _aSpon`s mechanical and electrical services price book 1974
250 _a5th
260 _aLondon
_bSpon
_c1973
300 _ax. 332. 2p. ill. 22cm. index
350 _a5
942 _n0
948 _c04/03/1997
999 _c87421
_d87421